000 00622nam a2200181Ia 4500
003 GCL
008 140319s9999 xx 000 0 ara d
040 _aGCL /
_cGCL
082 0 4 _a342
_bم ف
100 1 _aمصلحة الاستعلامات
245 1 0 _aقانون مجلس الامة: الصادر اول رجب 1383 الموافق 17 نوفمبر 1963 /
_cمصلحة الاستعلامات
300 _a15 ص
490 _aالهيئة العامة للاستعلامات
_v0
650 0 4 _aالقانون
650 0 4 _aالعلوم السياسية
650 0 4 _aالقانون الدستورى
942 _2ddc
_cBK
999 _c51581
_d51581